000 01185nam a2200265 a 4500
001 13066
003 BD-JhCC
005 20230617113827.0
008 230616b2019 bg |||| ||a| 00| 0 ben d
020 _a9789849353577
035 _a(BD-JhCC)13066
040 _aBD-JhCC
_dBD-JhCC
041 _aBengali
082 _bMUS 2019
_a520.576
100 _aমুসতাভী, শাকিব
245 _aজ্যোতির্বিজ্ঞান ও জ্যোতিপদার্থবিজ্ঞান :
_bলক্ষ যখন অলিম্পিয়াড /
_cশাকিব মুসতাভী, সম্পা: ড. ফারসীম মান্নান মোহাম্মদী,সৌমেন সাহা ,সৌমিত্র চক্রবর্তী।
260 _aঢাকা:
_bঅনুপম প্রকাশনী;
_c2019.
300 _a176 p. :
_c22 cm.
650 _aAstronomy
650 _aPhysics Olympiad
700 _aমোহাম্মদী, ড. ফারসীম মান্নান
700 _aসাহা ,সৌমেন
700 _aচক্রবর্তী সৌমিত্র
942 _2ddc
_cBK
999 _c13066
_d13066